|
|
|
|
| LEADER |
01587nam a2200313 u 4500 |
| 001 |
10096646 |
| 003 |
upatras |
| 005 |
20210413171319.0 |
| 008 |
120316s2011 gre |
| 020 |
|
|
|a 9789601633411
|
| 040 |
|
|
|a ΠΑΝΕΠΙΣΤΗΜΙΟ ΠΑΤΡΑΣ
|c ΠΑΝΕΠΙΣΤΗΜΙΟ ΠΑΤΡΑΣ
|
| 041 |
0 |
|
|a gre
|
| 082 |
0 |
4 |
|a 791.43
|
| 100 |
1 |
|
|a Thompson, Kristin,
|d 1950-
|4 aut
|9 103905
|
| 245 |
1 |
0 |
|a Ιστορία του κινηματογράφου
|b μια εισαγωγή
|c Kristin Thompson, David Bordwell; Μετάφραση Νίκος Λερός, Ρίτα Κολα΅ιτη
|c ; επιστημονική επιμέλεια Εύα Στεφανή
|
| 260 |
|
|
|a Αθήνα
|b Πατάκη
|c 2011
|
| 300 |
|
|
|a 771 σ. [12] φυλ. με εικ.
|b εικ.
|c 28 εκ.
|
| 490 |
0 |
|
|a Κινηματογραφικές σπουδές / Πατάκη
|
| 504 |
|
|
|a Περιέχει βιβλιογραφία (σ. 725-730) και ευρετήριο
|
| 650 |
|
4 |
|a Κινηματογράφος
|9 9349
|
| 650 |
|
4 |
|a Κινηματογράφος
|x Ιστορία
|9 23016
|
| 650 |
|
4 |
|a Κινηματογράφος
|x Αισθητική
|9 9351
|
| 700 |
1 |
|
|a Bordwell, David
|4 aut
|9 87830
|
| 760 |
0 |
|
|a Κινηματογραφικές σπουδές
|
| 852 |
|
|
|a GR-PaULI
|b ΠΑΤΡΑ
|b ΘΕΑΤΡΟΛΟΓΙΑ
|k ΑΣΧΕ-3
|h 791.43 THO
|m 12061
|p 025000197250
|t 1
|
| 942 |
|
|
|2 ddc
|c BK15
|
| 952 |
|
|
|0 0
|1 0
|4 0
|6 791_430000000000000_THO
|7 0
|9 108532
|a THST
|b THST
|d 2016-04-24
|i 12061
|l 0
|o 791.43 THO
|p 025000197250
|r 2016-04-24 00:00:00
|t 1
|w 2016-04-24
|y BK15
|
| 998 |
|
|
|c ΜΑΝΙΑ
|d 2012-03
|
| 999 |
|
|
|c 72904
|d 72904
|